| 000 | 01829pam a2200457 a 4500 | ||
|---|---|---|---|
| 001 | 4416063 | ||
| 003 | OSt | ||
| 005 | 20140310184520.0 | ||
| 008 | 930922s1994 nyua j b 001 0beng | ||
| 010 | _a 93033573 | ||
| 020 | _a9780439168410 | ||
| 040 |
_aDLC _cDLC _dDLC |
||
| 042 | _alcac | ||
| 043 | _an-us--- | ||
| 050 | 0 | 0 |
_aE 185.97.K47 _b.M43 2000 |
| 082 | 0 | 0 |
_a323/.092 _aB |
| 100 | 1 |
_aMedearis, Angela Shelf, _d1956- _925133 |
|
| 245 | 1 | 0 |
_aDare to dream : _bCoretta Scott King and the civil rights movement / _cAngela Shelf Medearis |
| 250 | _a1st ed. | ||
| 260 |
_aNew York : _bLodestar Books, _c2000. |
||
| 300 |
_a60 p. : _bill. ; _c22 cm. |
||
| 440 | 2 |
_aA Rainbow biography _925134 |
|
| 521 | _aG7 | ||
| 526 | _c890 | ||
| 600 | 1 | 0 |
_aKing, Coretta Scott, _d1927-2006 _vJuvenile literature. _925135 |
| 600 | 1 | 0 |
_aKing, Martin Luther, _cJr., _d1929-1968 _vJuvenile literature. _925136 |
| 600 | 1 | 1 |
_aKing, Coretta Scott, _d1927-2006. _925137 |
| 650 | 0 |
_aAfrican Americans _xCivil rights _vJuvenile literature. _925138 |
|
| 650 | 0 |
_aCivil rights movements _zUnited States _xHistory _y20th century _vJuvenile literature. _925139 |
|
| 650 | 0 |
_aAfrican Americans _vBiography _vJuvenile literature. _925140 |
|
| 650 | 0 |
_aCivil rights workers _zUnited States _vBiography _vJuvenile literature. _925141 |
|
| 650 | 1 |
_aCivil rights workers. _924204 |
|
| 650 | 1 |
_aCivil rights movements _xHistory. _925142 |
|
| 650 | 1 |
_aAfrican Americans _vBiography. _925143 |
|
| 650 | 1 |
_aWomen _vBiography. _925144 |
|
| 700 | 1 |
_aRich, Anna, _d1956- _eill. _925145 |
|
| 906 |
_a7 _bcbc _corignew _d1 _eocip _f19 _gy-gencatlg |
||
| 942 |
_2lcc _cBK-SCHOLAS |
||
| 999 |
_c35010 _d35010 |
||